LEADER 01019naa a2200205 u 4500 001 000000095203 003 CaOOAMICUS 005 20070226130141.0 008 040607s1972 it u000 u ita u 035 $a10998027 040 $aIAR$bita 100 1 $aViolante, Cinzio,$d1921-$0(OLS)http://pul/name/1223 245 13$aIl monachesimo cluniacense di fronte al mondo politico ed ecclesiastico :$bSecoli X e XI /$cCinzio Violante. 260 $aMilano :$bVita e pensiero,$c1972. 300 $aS. 3-68, ;$c21 cm 650 4$aMonachismo e ordini religiosi$zEuropa$xStoria$ySec. X-XI.$0(OLS)http://pul/subject/30161 773 0 $aStudi culla cristianità medioevale : Società, istituzioni, spiritualità. 773 0 $aViolante, Cinzio.$tStudi sulla cristianità medioevale : società, istituzioni, spiritualità$w()26174 996 $6245$aIl monachesimo cluniacense di fronte al mondo politico ed ecclesiastico :$bSecoli X e XI$9(OLS)http://pul/title/121314 996 $6260$aMilano :$bVita e pensiero$9(OLS)http://pul/publisher/48016 LEADER 01214nam a2200289 a 4500 001 000000150279 003 CaOOAMICUS 005 20160310125740.0 008 160310s1967 enk 000 d eng r 020 $a978-0-521-29202-3* 032 $aLibriCat 040 $aPUL$bita 082 04$a186 100 1 $aRist, John M.$q(John Michael),$d1936-$0(OLS)http://pul/name/21112 245 10$aPlotinus :$bthe road to reality /$cby J.M. Rist. 260 $aCambridge [etc.] :$bCambridge University press,$c1967. 300 $avii, 279 p. ;$c22 cm. 504 $aBibliografia : p. 270-275. 600 04$aPlotinus,$d203/6-270$xCritica e interpretazione.$0(OLS)http://pul/subject/7821 850 $aPUL 852 $aPUL$W1$xSL Filosofia 3$y81$m186 RISJO 1$j172843$bRistampa del 2010$qDDC 21$B174785$CPULBib$Z2$F174785 $H127454 $81 941 1 $a9 996 $6020$a978-0-521-29202-3*$9(OLS)http://pul/number/160013 996 $6082$a186$9(OLS)http://pul/classification/2251 996 $6245$aPlotinus :$bthe road to reality$9(OLS)http://pul/title/189384 996 $6260$aCambridge [etc.] :$bCambridge University press$9(OLS)http://pul/publisher/53026 LEADER 01116nam a2200289 u 4500 001 000000033923 003 CaOOAMICUS 005 20070226112421.0 008 971118s1981 it u000 u ita u 035 $a10776448 040 $aPUL$bita 041 0 $aita$hspa 100 1 $aGutiérrez, Gustavo.$0(OLS)http://pul/name/26447 240 10$aFuerza historica de los pobres.$0(OLS)http://pul/title/46744 245 13$aLa forza storica dei poveri /$cTraduzione dallo spagnolo di Claudio Delpero. 260 $aBrescia :$bQueriniana,$c1981. 300 $a294 p. ;$c23 cm 490 1 $aBiblioteca di teologia contemporanea ;$v40 504 $aBibliografia in nota a piè di pagina 830 0$aBiblioteca di teologia contemporanea ;$v40.$0(OLS)http://pul/title/7472 850 $aPUL 852 $aPUL$W1$xSL Religione 3$y85$m200 BTC 1.40$j154246$nBK-PRI$qDDC 21$B46530$CPULBib$Z2$F46530 $82 941 1 $a9 961 $aINV: 49014 -- ordinario 983 0$aBTC. 996 $6245$aLa forza storica dei poveri$9(OLS)http://pul/title/46745 996 $6260$aBrescia :$bQueriniana$9(OLS)http://pul/publisher/47906